Can you name the longest capital names in the world? Quiz Stats

Quiz not verified by Sporcle

Challenge
Share
Tweet
Embed
Score 0/5 Timer 10:00
0 Plays Today
Number of Letters Capital % Correct
28Washington, District of Columbia
100%
14Andorra la Vella
97.5%
13Guatemala City
95%
17Bandar Seri Begawan
80%
23Sri Jayawardenapura Kotte
57.5%

You're not logged in!

Compare scores with friends on all Sporcle quizzes.
Sign Up with Email
OR
Log In

You Might Also Like...

Show Comments

Extras

Top Quizzes Today


Score Distribution

Your Account Isn't Verified!

In order to create a playlist on Sporcle, you need to verify the email address you used during registration. Go to your Sporcle Settings to finish the process.